How Many Countries per Peninsula? - Statistics

General Stats
  • This quiz has been taken 37 times
    35 since last reset
  • The average score is 11 of 18
Answer Stats
Hint Answer % Correct
Florida 1) One
93%
Indochina 3) Many
78%
Arabian 3) Many
78%
Brittany 1) One
74%
Qatar 1) One
74%
Korean 2) Two
74%
Balkan 3) Many
74%
Kamchatka 1) One
70%
Horn of Africa 3) Many
67%
Cape York 1) One
63%
Anatolia 1) One
59%
Crimea 1) One
56%
Italian 3) Many
56%
Sinai 1) One
52%
Iberia 3) Many
48%
Jutland 2) Two
41%
Scandinavia 2) Two
30%
Thracian 1) One
22%
No matching quizzes found
Score Distribution
Percent of People with Each Score
Percentile by Number Answered
Your Score History
You have not taken this quiz since the last reset